00353nam a2200145Ia 4500008004100000020001500041041001200056100001500068245004700083250000800130260003300138300000800171650001200179700001600191221030s9999 xx 000 0 und d a8126510887 aEnglish aR. Resnick 0aPhysics Vol. Icby R. Resnick, D. Halliday a5th bWiley IndiaaNew Delhic2010 a566 aPhysics aD. Halliday